Singapore General Knowledge Quiz - Statistics

General Stats
  • This quiz has been taken 124 times
  • The average score is 10 of 13
Answer Stats
Hint Answer % Correct
Which country invaded Singapore during World War 2 Japan
99%
Which country did Singapore gain independence from? Malaysia
95%
Year of independence 1965
94%
3 letter acronym of Singapore's ruling political party PAP
82%
2 letter acronym of Singapore's largest opposition part WP
80%
Name of Singapore's National Anthem Majulah Singapura
77%
Who founded first British colony in Singapore Stamford Raffles
77%
Meaning of Singapore Lion city
69%
Singapore National Flower Orchid
67%
Singapore's original name Temasek
65%
Singapore's national animal Merlion
62%
Name of Singapore's highest point Bukit Timah Hill
60%
Language "Singapore" name is derived from Sanskrit
21%
No matching quizzes found
Score Distribution
Percent of People with Each Score
Percentile by Number Answered
Your Score History
You have not taken this quiz